000 00525 a2200169 4500
001 068597
003 OSt
005 20220307160600.0
008
082 _a813.54009355
_bA76F
100 1 _aAnnesley, James
245 1 _aFictions of globalization
_cby James Annesley
260 _aLondon
_bContinuum
_c2006
300 _a202p.
653 _aGlobalization in literature; American fiction; Consumption (Economics) in literature; Consumption (Economics); Globalization
942 _2ddc
_cBK
999 _c2253
_d2253